La frente pensativa : (Record no. 183082)

MARC details
000 -LEADER
campo de control de longitud fija 01156nam a2200265 i 4500
001 - NÚMERO DE CONTROL
campo de control 183082
003 - IDENTIFICADOR DE NÚMERO DE CONTROL
campo de control ES-MaACL
005 - FECHA Y HORA DE LA ÚLTIMA TRANSACCIÓN
campo de control 20240430133451.0
008 - DATOS DE LONGITUD FIJA--INFORMACIÓN GENERAL
campo de control de longitud fija 140115s2012 sp | |||||||| | spa d
020 ## - NÚMERO INTERNACIONAL ESTÁNDAR DEL LIBRO
Número Internacional Estándar del Libro 978-84-9895-094-6
080 ## - NÚMERO DE LA CLASIFICACIÓN DECIMAL UNIVERSAL
Número de la Clasificación Decimal Universal 821.134.2-14"19"
100 1# - ENTRADA PRINCIPAL--NOMBRE DE PERSONA
Nombre de persona Jiménez, Juan Ramón,
Fechas asociadas al nombre 1881-1958
9 (RLIN) 66417
245 13 - MENCIÓN DEL TÍTULO
Título La frente pensativa :
Resto del título (1911-1912) ; Pureza (1912) ; El silencio de oro (1911-1913) ; Idilios (1912-1913) ; Monumento de amor (1913-1916) ; Ornato (1913-19--) ; Ellos (1918-19--) /
Mención de responsabilidad, etc. [Juan Ramón Jiménez] ; textos preparados por Francisco Silvera ; prólogo de Jenaro Talens.
260 ## - PUBLICACIÓN, DISTRIBUCIÓN, ETC.
Lugar de publicación, distribución, etc. Madrid :
Nombre del editor, distribuidor, etc. Visor Libros ;
Lugar de publicación, distribución, etc. [Huelva] :
Nombre del editor, distribuidor, etc. Diputación de Huelva,
Fecha de publicación, distribución, etc. D.L. 2012.
300 ## - DESCRIPCIÓN FÍSICA
Extensión 330 p. ;
Dimensiones 20 cm.
490 1# - MENCIÓN DE SERIE
Mención de serie Obras de Juan Ramón Jiménez ;
Designación de volumen o secuencia 20
490 1# - MENCIÓN DE SERIE
Mención de serie Poesía escojida ;
Designación de volumen o secuencia 3
700 1# - ENTRADA AGREGADA--NOMBRE PERSONAL
Nombre de persona Silvera, Francisco.
9 (RLIN) 140762
700 ## - ENTRADA AGREGADA--NOMBRE PERSONAL
Nombre de persona Talens, Jenaro,
Fechas asociadas al nombre 1946-
9 (RLIN) 235316
830 0# - PUNTO DE ACCESO ADICIONAL DE SERIE-TÍTULO UNIFORME
Título uniforme Obras de Juan Ramón Jiménez
Designación de volumen o secuencia 20
9 (RLIN) 191022
830 0# - PUNTO DE ACCESO ADICIONAL DE SERIE-TÍTULO UNIFORME
Título uniforme Poesía escojida ;
Designación de volumen o secuencia 3
9 (RLIN) 191442
852 ## - LOCALIZACIÓN
Ubicación ES-MaACL
Número de control de estantería A-13036
itemnumber 190016
Sublocalización o colección R.149846
Ubicación en estantería Depósito 1
Signatura antigua Olim: N-6036
942 ## - ELEMENTOS DE ENTRADA SECUNDARIOS (KOHA)
Fuente del sistema de clasificación o colocación Clasificación decimal universal
Tipo de ítem Koha Libro impreso
Holdings
Estatus retirado Estado de pérdida Fuente del sistema de clasificación o colocación Estado de daño No para préstamo Biblioteca de origen Biblioteca actual Ubicación en estantería Fecha de adquisición Fuente de adquisición Total de préstamos Signatura topográfica completa Código de barras Visto por última vez Precio de reemplazo Tipo de ítem Koha
    Clasificación decimal universal     Biblioteca del Ateneo de Madrid Biblioteca del Ateneo de Madrid Depósito 1 15/01/2014 Compra   A-13036 1192421 23/02/2023 23/02/2023 Libro impreso